000 00576nam a2200169 i 4500
001 101692
003 ES-MaACL
005 20230906182947.0
007 t|
008 051021q19001999nq ||||1| spa d
100 1 _aMejía Sánchez, Ernesto.
_979867
245 1 0 _aContemplaciones europeas
_b: 2º Premio de Poesía /
_cErnesto Mejía Sánchez.
260 _aSan Salvador (Guatemala) :
_bMinisterio de Cultura. Departamento Editorial,
_c[19??]
300 _a51 p. ;
_c24 cm.
710 1 _aGuatemala.
_bMinisterio de Cultura.
_94553
852 _aES-MaACL
_j2000-F-13
_bR.41964
999 _c101692
_d101692